00619nam a22001697a 4500010001100000035001100011037001800022040001200040082001300052100002100065245012400086260004100210270003500251300002600286650007700312650006000389 a511965 a511965 bCen Lib / Ret aDPLbEn a013bDAS aDas Gupta, A. K. aAn essay in personal bibliography :ba bibliography of the writings on and by Dr S.R. Ranganathan /cby A. K. Das Gupta aBombay bAsia Publihsing Housec1967 aAsia Publihsing HousebBombay  a(v 2. 404p)c27cm(Hb) aRanganathan, S. R. -- (Shiyali Ramamrita), -- 1892-1972 -- Bibliography. aRanganathan, S. R. -- (Shiyali Ramamrita), -- 1892-1972